Role of marriage and family counselling in promoting marital satisfaction for married career individuals in Kericho county, Kenya / (Record no. 20425)

MARC details
000 -LEADER
fixed length control field 00469nam a22001337a 4500
008 - FIXED-LENGTH DATA ELEMENTS--GENERAL INFORMATION
fixed length control field 240520b |||||||| |||| 00| 0 eng d
050 ## - LIBRARY OF CONGRESS CALL NUMBER
Classification number HQ503
Item number .M88 2019
100 ## - MAIN ENTRY--PERSONAL NAME
Personal name Mutai, Gladys Chelangat
245 ## - TITLE STATEMENT
Title Role of marriage and family counselling in promoting marital satisfaction for married career individuals in Kericho county, Kenya /
Statement of responsibility, etc. Gladys Chelangat Mutai
260 ## - PUBLICATION, DISTRIBUTION, ETC. (IMPRINT)
Date of publication, distribution, etc. 2019
300 ## - PHYSICAL DESCRIPTION
Extent xv, 181p.
650 ## - SUBJECT ADDED ENTRY--TOPICAL TERM
Topical term or geographic name as entry element Marriage
General subdivision family couselling
942 ## - ADDED ENTRY ELEMENTS (KOHA)
Source of classification or shelving scheme Library of Congress Classification
Koha item type Thesis, Dissertation and Projecs
Holdings
Withdrawn status Lost status Source of classification or shelving scheme Not for loan Home library Current library Date acquired Total Checkouts Full call number Barcode Date last seen Copy number Price effective from Koha item type Inventory number
    Library of Congress Classification   Kabarak, Main Campus Kabarak, Main Campus 20/05/2024   HQ503 .M88 2019 C.1 030513 20/05/2024 C.1 20/05/2024 Thesis, Dissertation and Projecs  
    Library of Congress Classification   Kabarak, Nakuru City Campus Kabarak, Nakuru City Campus 21/02/2025   HQ503 .M88 2019 C.1 030491 21/02/2025   21/02/2025 Thesis, Dissertation and Projecs 2020/1681
Designed with assistance from East African Informatics Ltd